000 00404nam a2200145 i 4500
001 57691
003 ES-MaACL
007 t|
008 031017s1904 fr ||||1| fre d
100 1 _aDraghicesco, D.
_945569
245 1 0 _aDu rôle de l'individu dans le déterminisme social /
_cD. Draghicesco.
260 _aParis :
_bFélix Alcan,
_c1904.
300 _a366 p. ;
_c22 cm.
852 _aES-MaACL
_jB-6345
999 _c57691
_d57691